| 000 | 02423nam0a2200445 4500 | ||
|---|---|---|---|
| 001 | RU\NLR\BIBL_A\022291159 | ||
| 005 | 20240828133917.0 | ||
| 010 |
_a978-5-6050822-0-0 _9500 |
||
| 021 |
_aRU _bКН-П-24-036313 _9КН-П-24-3640 |
||
| 035 | _a(NLR Aleph) 022291159 | ||
| 090 |
_a13233746 _c13233746 |
||
| 100 | _a20240807d2023 k y0rusy50 ca | ||
| 101 | 0 |
_arus _dspa _espa |
|
| 102 | _aRU | ||
| 105 | _aa z 000yy | ||
| 181 | 0 |
_ai3 _baxxe |
|
| 182 | 0 | _an | |
| 200 | 1 |
_aАнтарктика: глобальная повестка и интересы латиноамериканских государств _dAntártica: la agenda global y los intereses de los paí latinoamericanos _eколлективная монография _f[Голиней В. А., канд. полит. наук, Гриценко И. А., Гудев П. А., канд. ист. наук и др.] _gответственный редактор: к. и. н. Н. Ю. Кудеярова _gИнститут Латинской Америки Российской академии наук _zspa |
|
| 203 |
_aТекст _bвизуальный _cнепосредственный |
||
| 210 |
_aМосква _cИЛА РАН _d2023 |
||
| 215 |
_a319 с., [4] л. цв. ил. _cил. _d22 |
||
| 300 | _aАвт. указаны на с. 319 | ||
| 300 | _aРез. англ. | ||
| 320 | _aБиблиогр. в подстроч. примеч. | ||
| 510 | 1 |
_aAntártica: la agenda global y los intereses de los paí latinoamericanos _zspa |
|
| 607 |
_aЛатиноамериканские страны _xВнешняя политика _yАнтарктика _z21 в. _2nlr_sh2 _3RU\NLR\AUTH\6601743910 |
||
| 607 |
_aАнтарктика _xМеждународно-правовой режим _2nlr_sh1 _2nlr_sh2 _3RU\NLR\AUTH\6668250 |
||
| 686 | 1 | _aТ3(70)63-64(887) | |
| 686 | 1 | _aТ3(887)63-6 | |
| 686 | 1 | _aХ912.6(887) | |
| 701 | 1 |
_aГолиней _bВ. А. _gВладимир Андреевич |
|
| 701 | 1 |
_aГриценко _bИ. А. _gИлона Александровна |
|
| 701 | 1 |
_aГудев _bП. А. _gПавел Андреевич |
|
| 702 | 1 |
_aКудеярова _bН. Ю. _gНадежда Юрьевна _4340 |
|
| 712 | 0 | 2 |
_aИнститут Латинской Америки _cМосква _3RU\NLR\AUTH\8822179 _4475 |
| 942 | _cBOOK | ||
| 980 | _aNB | ||